خطبة النكاح / (رقم التسجيلة. 1799)

تفاصيل مارك
000 -الفاتح
عناصر البيانات ثابتة الطول 00600cam a2200193 i 4500
005 - تاريخ ووقت آخر معاملة
حقل ضبط 20251210120620.0
008 - عناصر البيانات ثابتة الطول
عناصر البيانات ثابتة الطول 250721s1985 jo gr 000 0 ara d
082 14 - رقم تصنيف ديوي العشري
رقم التصنيف 216,5
رقم المادة ع ب د
100 1# - مدخل رئيسي – اسم شخصي
الاسم الشخصي عتر، عبد الرحمن
علاقة الشخص بالعمل/ دوره مؤلف.
245 10 - بيان العنوان
العنوان خطبة النكاح /
بيان المسؤولية الدكتور عبد الرحمن عتر.
250 ## - بيان الطبعة
بيان الطبعة الطبعة الأولى.
264 31 - بيانات النشر، التوزيع…إلخ
مكان النشر، التوزيع...إلخ الزرقاء :
اسم الناشر، الموزع...إلخ مكتبة المنار،
تاريخ النشر، التوزيع...إلخ 1985.
300 ## - الوصف المادي
عدد الوحدات المكونة للوعاء 440 صفحة.
650 17 - مدخل إضافي بالموضوع - مصطلح موضوعي
مصطلح موضوعي أو اسم جغرافي كعنصر مدخل الإسلام.
650 17 - مدخل إضافي بالموضوع - مصطلح موضوعي
مصطلح موضوعي أو اسم جغرافي كعنصر مدخل الفقه.
650 17 - مدخل إضافي بالموضوع - مصطلح موضوعي
مصطلح موضوعي أو اسم جغرافي كعنصر مدخل الزواج.
942 ## - بيانات إضافية (كوها)
نوع التنصيف Dewey Decimal Classification
نوع المادة (كوها) كتب
المقتنيات
حالة السحب حالة الفقدان مصدر التصنيف حالة التلف غير قابل للإعارة المكتبة الرئيسية المكتبة الحالية موقع الرف تاريخ التزويد الرقم المتسلسل Total Checkouts رقم الإستدعاء الباركود تاريخ آخر ظهور تاريخ الفاتورة نوع المادة (كوها)
    Dewey Decimal Classification     المكتبة المركزية المكتبة المركزية الإعارة 06/07/2004 108635   216,5/عبد 108635 28/07/2025 06/07/2004 كتب
    Dewey Decimal Classification     المكتبة المركزية المكتبة المركزية الإعارة 06/07/2004 108634   216,5 / ع ب د 108634 28/07/2025 06/07/2004 كتب
    Dewey Decimal Classification     المكتبة المركزية المكتبة المركزية مقتنيات قسم التزويد 28/07/2025 1488289   216,5/عبد   28/07/2025 28/07/2025 كتب
    Dewey Decimal Classification     مكتبة صويلح العامة مكتبة صويلح العامة الإعارة 04/11/2019 01787   216,5/عبد PLD00476293 28/07/2025 04/11/2019 كتب
Implemented & Customized by: BBB with SCIT (Smart Chains for Information Technology)

Powered by Koha